HMOs (Record no. 79067)
[ view plain ]
| 000 -LEADER | |
|---|---|
| fixed length control field | 01382cab a22002535a 4500 |
| 001 - CONTROL NUMBER | |
| control field | L139715 |
| 008 - FIXED-LENGTH DATA ELEMENTS--GENERAL INFORMATION | |
| fixed length control field | 070806s2007 xxk f 000 0 eng d |
| 035 ## - SYSTEM CONTROL NUMBER | |
| System control number | (Sirsi) u139715 |
| 041 0# - LANGUAGE CODE | |
| Language code of text/sound track or separate title | eng |
| 100 1# - MAIN ENTRY--PERSONAL NAME | |
| Personal name | Turner, Adrian |
| 245 00 - TITLE STATEMENT | |
| Title | HMOs |
| 260 ## - PUBLICATION, DISTRIBUTION, ETC. | |
| Date of publication, distribution, etc. | 2007 |
| 490 ## - SERIES STATEMENT | |
| Series statement | Agreement |
| Volume/sequential designation | 14(4) August 2007, 14-20(5) |
| 520 ## - SUMMARY, ETC. | |
| Summary, etc. | Offers an interpretation on the legislation governing Houses of Multiple Occupation (HMOs). Considers that HMO licences can be granted to a named individual, a limited company, a partnership or an organisation. Addresses HMOs affected by section 257 of the Housing Act 2004. Reports on a landlord who was fined for operating an unlicensed HMO. Provides an overview of the powers local authorities may use to control anti-social behaviour in private rented housing. |
| 590 ## - LOCAL NOTE (RLIN) | |
| Local note | KA |
| 650 24 - SUBJECT ADDED ENTRY--TOPICAL TERM | |
| Topical term or geographic name entry element | HOUSING ACT 2004 PART II |
| 650 24 - SUBJECT ADDED ENTRY--TOPICAL TERM | |
| Topical term or geographic name entry element | HOUSING ACT 2004 S257 |
| 650 24 - SUBJECT ADDED ENTRY--TOPICAL TERM | |
| Topical term or geographic name entry element | INTERPRETATION ACT 1978 S6 |
| 650 24 - SUBJECT ADDED ENTRY--TOPICAL TERM | |
| Topical term or geographic name entry element | HOUSES IN MULTIPLE OCCUPATION (CERTAIN CONVERTED BLOCKS OF FLATS) (MODIFICATIONS TO THE HOUSING ACT 2004 AND TRANSITIONAL PROVISIONS FOR SECTION 257 HMOS) (ENGLAND) REGULATIONS 2007 |
| 650 24 - SUBJECT ADDED ENTRY--TOPICAL TERM | |
| Topical term or geographic name entry element | LICENSING AND MANAGEMENT OF HOUSES IN MULTIPLE OCCUPATION (ADDITIONAL PROVISIONS) (ENGLAND) REGULATIONS 2007 |
| 651 #4 - SUBJECT ADDED ENTRY--GEOGRAPHIC NAME | |
| Geographic name | United Kingdom |
| Chronological subdivision | |
| 690 ## - LOCAL SUBJECT ADDED ENTRY--TOPICAL TERM (OCLC, RLIN) | |
| Topical term or geographic name as entry element | PROPERTY-RESIDENTIAL PROPERTY-RESIDENTIAL LANDLORD AND TENANT |
| 942 ## - ADDED ENTRY ELEMENTS (KOHA) | |
| Suppress in OPAC | 0 |
| Withdrawn status | Lost status | Source of classification or shelving scheme | Damaged status | Not for loan | Home library | Current library | Shelving location | Date acquired | Total Checkouts | Full call number | Barcode | Date last seen | Copy number | Price effective from | Koha item type |
|---|---|---|---|---|---|---|---|---|---|---|---|---|---|---|---|
| Dewey Decimal Classification | London | London | Journal article | 06/08/2007 | L139715 | 139715-2001 | 06/08/2019 | 1 | 06/08/2019 | Journal article |